• 首页
  • 本馆介绍
  • 公告通知
  • 最新文献
  • 馆藏检索
  • 电子资源
  • 读者导购
  • 参考咨询
  • 我的图书馆
  • 登录
  • 详细信息显示
  • 放入我的书架
  • 预约/预借图书
  • 作者相关作品
  • 分类相关作品
  • 丛书相关作品
  • 出版社相关作品

书目信息

  • 表格格式
  • 工作单格式
  • 卡片格式
题名:
人口理论问题
    
 
作者: 刘铮 编
分册:  
出版信息: 北京   中国社会科学出版社  1984
页数: 317页
开本: 20cm
丛书名:
单 册:
中图分类: C92
科图分类:
主题词: 人口学
电子资源:
ISBN:
000 00591nam0 2200229 45
001 0184017006
005 20050607154943.9
010    @dCNY1.50
091    @a3190.039
100    @a19951009d1984 emky0chiy0121 ea
101 0  @achi
102    @aCN@b110000
105    @ay z 000yy
200 10 @a人口理论问题@Aren kou li lun wen ti@f刘铮编@FLiu Zheng Bian
210    @a北京@c中国社会科学出版社@d1984
215    @a317页@d20cm
606    @a人口学
690    @aC92@v3 
701  0 @a刘铮@4编
801  0 @aCN@b深圳图书馆@c20040505
801  2 @aCN@bNLC@c20040505
905    @dC92@e20@f1@b131231
    
    人口理论问题/刘铮编.-北京:中国社会科学出版社,1984
    317页;20cm
    
    
    ISBN :CNY1.50
    
●
相关链接 在E读中查询图书 在五车中查询图书 在当当中查询图书 在豆瓣中查询图书


正题名:人口理论问题     索取号:C92/20         预约/预借

序号 登录号 条形码 馆藏地/架位号 状态 备注
1 0131230   001030226   密集书库/ [索取号:C92/20] 在馆    
2 0131231   001030217   第一样本阅览室/ [索取号:C92/20] 在馆    
唐山师范学院图书馆 欢迎您!
大连网信软件有限公司© 版权所有